[Event "Bled"]
[Site "?"]
[Date "1994.??.??"]
[Round "?"]
[White "Sveshnikov, E."]
[Black "Sermek, D."]
[Result "1/2-1/2"]
[WhiteElo "2585"]
[BlackElo "2520"]
[PlyCount "130"]
[EventDate "1994.??.??"]
[Source "ChessBase"]
[SourceDate "1994.02.01"]

1. e4 e5 2. Nf3 Nc6 3. d4 exd4 4. Nxd4 Qh4 5. Nb5 Bb4+ 6. Bd2 Qxe4+ 7. Be2 Kd8 8. O-O Bxd2 9. Nxd2 Qe5 10. Re1 Nf6 11. Bc4 Qf5 12. Nf3 Qc5 13. Qd3 d6 14. Nbd4 Nxd4 15. Nxd4 Rf8 16. Rad1 Bg4 17. f3 Bd7 18. Qb3 Qb6 19. Bxf7 c6 20. Be6 Re8 21. Bxd7 Rxe1+ 22. Rxe1 Qxb3 23. axb3 Kxd7 24. g4 g6 25. Kf2 a6 26. h4 c5 27. Ne6 Re8 28. Nf4 Rxe1 29. Kxe1 Ke7 30. Ke2 Kf7 31. Kd3 h6 32. b4 b5 33. bxc5 dxc5 34. c4 g5 35. hxg5 hxg5 36. Nh3 Kg6 37. Nf2 Nd7 38. cxb5 axb5 39. Ke4 Nb6 40. Nd3 Na4 41. b3 Nc3+ 42. Ke5 c4 43. bxc4 bxc4 44. Nb2 Ne2 45. Nxc4 Ng1 46. Nd2 Ne2 47. Ke6 Ng1 48. Ke7 Kg7 49. Kd6 Kf6 50. Kd5 Ne2 51. Ne4+ Kg6 52. Ke5 Ng1 53. Nd2 Ne2 54. Nb3 Ng1 55. Nd4 Nh3 56. Ne2 Nf2 57. Kd4 Kf6 58. Nc3 Nh3 59. Ne2 Nf2 60. Ng3 Kg6 61. Kc3 Nh3 62. Ne2 Kf6 63. Kd2 Nf2 64. Ng3 Ke5 65. Ke2 Nxg4 1/2-1/2

[Event "Zaragoza op"]
[Site "?"]
[Date "1996.??.??"]
[Round "6"]
[White "Korneev Oleg"]
[Black "Komljenovic Davor"]
[Result "1-0"]
[WhiteElo "2590"]
[BlackElo "2475"]
[PlyCount "87"]
[EventDate "1996.??.??"]
[Source "www.chesslib.no"]
[SourceDate "2004.05.04"]

1. e4 e5 2. Nf3 Nc6 3. d4 exd4 4. Nxd4 Qh4 5. Nb5 Bc5 6. Qf3 Nd4 7. Nxc7+ Kd8 8. Qf4 Nxc2+ 9. Kd1 Qxf4 10. Bxf4 Nxa1 11. Nxa8 Nf6 12. Bd3 Ng4 13. Ke2 Nxf2 14. Rc1 Nxd3 15. Kxd3 d6 16. Nc7 g5 17. Be5 dxe5 18. Rxc5 f5 19. Nd2 fxe4+ 20. Ke3 Rf8 21. Rc1 Rf6 22. Nb5 Rb6 23. Nc3 Rxb2 24. Rxa1 Bf5 25. Rf1 Bg6 26. Rf2 Rc2 27. Ndxe4 Rc1 28. Rb2 Kc8 29. Ne2 Rh1 30. h3 h6 31. Nd6+ Kc7 32. Nxb7 Rb1 33. Rxb1 Bxb1 34. Nc3 Bxa2 35. Nxa2 Kxb7 36. Ke4 Kc6 37. Kxe5 Kc5 38. Kf6 Kc4 39. Kg6 a5 40. Kxh6 a4 41. Kxg5 a3 42. h4 Kb3 43. h5 Kxa2 44. h6 1-0

[Event "Moscow ol (Men)"]
[Site "Moscow"]
[Date "1994.??.??"]
[Round "3"]
[White "Campora, Daniel Hugo"]
[Black "Mitkov, Nikola"]
[Result "0-1"]
[WhiteElo "2560"]
[BlackElo "2495"]
[PlyCount "76"]
[EventDate "1994.11.??"]
[Source "ChessBase"]

1. e4 e5 2. Nf3 Nc6 3. d4 exd4 4. Nxd4 Qh4 5. Nb5 Bc5 6. Qe2 Nf6 7. Be3 Bxe3 8. Qxe3 Nb4 9. Bd3 Na6 10. Nd2 O-O 11. O-O d6 12. h3 Bd7 13. Nc3 Nc5 14. f4 Rfe8 15. b4 Ne6 16. Ne2 a5 17. f5 Nf8 18. b5 b6 19. Nf3 Qh6 20. Qd4 Re7 21. Nh2 Rae8 22. Nc3 Bc8 23. Nd5 Nxd5 24. Ng4 Qh4 25. Qxd5 Nd7 26. Rf4 Nf6 27. Qd4 Re5 28. Raf1 Nxg4 29. Rxg4 Qf6 30. Kh2 Bb7 31. Rf3 h5 32. Rgf4 Kf8 33. h4 Ke7 34. Rg3 Kd8 35. Rg5 Qh6 36. Qf2 Bxe4 37. Bxe4 Rxe4 38. Rxe4 Rxe4 0-1

[Event "St Martin Open"]
[Site "St Martin"]
[Date "1992.??.??"]
[Round "7"]
[White "Zapata, Alonso"]
[Black "Djuric, Stefan"]
[Result "1-0"]
[WhiteElo "2515"]
[BlackElo "2535"]
[PlyCount "86"]
[EventDate "1992.??.??"]
[Source "www.chesslib.no"]
[SourceDate "2004.05.04"]

1. e4 e5 2. Nf3 Nc6 3. d4 exd4 4. Nxd4 Qh4 5. Nb5 Bb4+ 6. Nd2 Ba5 7. Bd3 a6 8. Nc3 Ne5 9. Nf3 Qf6 10. Nxe5 Bxc3+ 11. bxc3 Qxe5 12. O-O Nf6 13. Qe1 Ng4 14. f4 Qc5+ 15. Kh1 d6 16. h3 h5 17. Rb1 b6 18. Rb4 b5 19. Rd4 Bb7 20. hxg4 hxg4+ 21. Kg1 O-O-O 22. Be2 f5 23. Be3 Rde8 24. Bd3 Qc6 25. c4 Re6 26. cxb5 axb5 27. c4 b4 28. Qg3 Qe8 29. e5 Rh5 30. exd6 cxd6 31. Bd2 Qa4 32. Re1 Reh6 33. Qe3 Bc6 34. Rd5 Rh1+ 35. Kf2 Rxe1 36. Bxe1 Kd8 37. Qb6+ Ke8 38. Kf1 Bxd5 39. cxd5 g3 40. Qc6+ Qxc6 41. dxc6 Rh1+ 42. Ke2 Kd8 43. Bxb4 Kc7 1-0

[Event "Corr"]
[Site "?"]
[Date "2002.06.25"]
[Round "?"]
[White "Czukor Josef (GER)"]
[Black "Ohtake Sakae (JPN)"]
[Result "1-0"]
[WhiteElo "2450"]
[BlackElo "2596"]
[PlyCount "141"]
[EventDate "2002.??.??"]
[Source "www.chesslib.no"]
[SourceDate "2004.05.04"]

1. e4 e5 2. Nf3 Nc6 3. d4 exd4 4. Nxd4 Qh4 5. Nc3 Bb4 6. Be2 Qxe4 7. Ndb5 Bxc3+ 8. bxc3 Kd8 9. O-O Nf6 10. Nd4 Nxd4 11. cxd4 d6 12. Bf3 Qg6 13. c4 Bg4 14. Bxg4 Qxg4 15. Qb3 Kc8 16. Be3 Re8 17. Rab1 b6 18. d5 Qf5 19. f3 h5 20. a4 h4 21. h3 Nh5 22. Rfe1 Re5 23. Bd4 Rxe1+ 24. Rxe1 Qf4 25. Qb2 Kb7 26. a5 Rc8 27. Re4 Qg5 28. Rg4 Qh6 29. Rxh4 Re8 30. Kh2 Qg5 31. Rg4 Qd8 32. Bxg7 f5 33. Rg6 Qh4 34. a6+ Kc8 35. Qc1 Nxg7 36. Rxg7 Qd4 37. Qg5 Qxc4 38. Rg8 Rxg8 39. Qxg8+ Kd7 40. Qf7+ Kd8 41. Qf8+ Kd7 42. Qxf5+ Ke7 43. Qg5+ Kf7 44. h4 b5 45. h5 b4 46. h6 Qc3 47. Qg4 b3 48. Qe6+ Kf8 49. h7 b2 50. Qg8+ Ke7 51. Qg6 Qd4 52. Kh3 Qc3 53. g3 Qe5 54. Kh4 Kd7 55. Kg4 Qd4+ 56. Kh3 Qe5 57. Qf7+ Kd8 58. f4 Qc3 59. Qf8+ Kd7 60. Qf5+ Ke7 61. Kh4 Kd8 62. Kh5 Qg7 63. Qg5+ Qxg5+ 64. fxg5 b1=Q 65. h8=Q+ Kd7 66. Qg7+ Kd8 67. Qf6+ Kd7 68. Qe6+ Kd8 69. g6 Qh1+ 70. Kg5 Qc1+ 71. Kf6 1-0

[Event "Copenhagen Cup"]
[Site "?"]
[Date "1992.??.??"]
[Round "?"]
[White "Olafsson Helgi"]
[Black "Hector Jonny"]
[Result "1-0"]
[WhiteElo "2505"]
[BlackElo "2535"]
[PlyCount "75"]
[EventDate "1992.??.??"]
[Source "www.chesslib.no"]
[SourceDate "2004.05.04"]

1. e4 e5 2. Nf3 Nc6 3. d4 exd4 4. Nxd4 Qh4 5. Nc3 Bb4 6. Be2 Nge7 7. O-O Bxc3 8. bxc3 Nxd4 9. Qxd4 d6 10. f4 O-O 11. Rb1 Nc6 12. Qd3 Rb8 13. Rb5 Qe7 14. Rg5 f6 15. Rh5 f5 16. Bf3 Qf6 17. h3 h6 18. g4 fxg4 19. hxg4 Qg6 20. g5 hxg5 21. Rxg5 Qh6 22. Rh5 Qg6+ 23. Rg5 Qh6 24. Rf2 Be6 25. Rfg2 Rf7 26. Rh2 Qf6 27. e5 Nxe5 28. Qh7+ Kf8 29. Rxe5 dxe5 30. Qh8+ Ke7 31. Ba3+ c5 32. Bxc5+ Kd7 33. Qxb8 Qxf4 34. Qxb7+ Kd8 35. Qb8+ Kd7 36. Qd6+ Kc8 37. Qxe6+ Rd7 38. Qc6+ 1-0

[Event "Linares Anibal op 8th"]
[Site "Linares"]
[Date "2001.01.12"]
[Round "5"]
[White "Reinaldo Castineira, Roi"]
[Black "Golod, Vitali"]
[Result "1-0"]
[WhiteElo "2442"]
[BlackElo "2591"]
[PlyCount "57"]
[EventDate "2001.01.08"]
[Source "ChessBase"]
[SourceDate "2001.05.17"]

1. e4 e5 2. Nf3 Nc6 3. d4 exd4 4. Nxd4 Qh4 5. Nc3 Bb4 6. Be2 Nge7 7. O-O O-O 8. Ndb5 Ba5 9. Nd5 Nxd5 10. exd5 Ne5 11. f4 Bb6+ 12. Kh1 Ng6 13. f5 Ne5 14. d6 c6 15. Rf4 Qd8 16. Nc3 Re8 17. Ne4 a5 18. Qe1 f6 19. Qg3 a4 20. Rh4 Ra5 21. Bh6 g6 22. fxg6 hxg6 23. Bc4+ Re6 24. Bf4 Kg7 25. Qh3 Qg8 26. Bh6+ Kf7 27. Nxf6 Nxc4 28. Nxg8 Rae5 29. Rf1+ 1-0

[Event "Petroff Mem Open"]
[Site "?"]
[Date "2000.02.09"]
[Round "3"]
[White "Najer Evgeniy"]
[Black "Solovjov Sergey I"]
[Result "1-0"]
[WhiteElo "2572"]
[BlackElo "2449"]
[PlyCount "83"]
[EventDate "2000.??.??"]
[Source "www.chesslib.no"]
[SourceDate "2004.05.04"]

1. e4 e5 2. Nf3 Nc6 3. d4 exd4 4. Nxd4 Qh4 5. Nc3 Bb4 6. Ndb5 Nf6 7. Bd2 Nxe4 8. Qe2 Kd8 9. Nxe4 Re8 10. c3 Rxe4 11. Bg5+ Be7 12. Bxh4 Rxe2+ 13. Bxe2 Bxh4 14. O-O d6 15. Rfd1 Bf6 16. Na3 Be6 17. Bc4 Kd7 18. Re1 Ne5 19. Bxe6+ fxe6 20. Re2 c5 21. Rd1 d5 22. f4 Ng6 23. f5 Nf4 24. fxe6+ Kc6 25. Re3 Re8 26. Nc2 Rxe6 27. g3 Rxe3 28. Nxe3 d4 29. gxf4 dxe3 30. Kf1 b5 31. Ke2 b4 32. cxb4 Bxb2 33. bxc5 Kxc5 34. Rd7 a5 35. Rb7 Bf6 36. a4 Kd6 37. Kxe3 Ke6 38. Ra7 Bc3 39. Kd3 Be1 40. Rxg7 Kf5 41. Rf7+ Kg6 42. Re7 1-0

[Event "Vienna Open"]
[Site "Vienna AUT"]
[Date "1991.??.??"]
[Round "9"]
[White "Smagin, Sergey B"]
[Black "Sermek, Drazen"]
[Result "1-0"]
[WhiteElo "2550"]
[BlackElo "2470"]
[PlyCount "65"]
[EventDate "1991.10.??"]
[Source "www.chesslib.no"]
[SourceDate "2004.05.04"]

1. e4 e5 2. Nf3 Nc6 3. d4 exd4 4. Nxd4 Qh4 5. Nc3 Bb4 6. Be2 Nge7 7. O-O Bxc3 8. bxc3 Qxe4 9. Nb5 Kd8 10. Re1 a6 11. Nd4 Qg6 12. Bh5 Qf6 13. Bxf7 Nxd4 14. Qxd4 Qxd4 15. cxd4 h6 16. Bb3 d6 17. Bb2 Bf5 18. c4 Rf8 19. Re3 Kd7 20. d5 Rf7 21. Ba4+ b5 22. cxb5 Nxd5 23. b6+ c6 24. Rc1 Ne7 25. Bb3 d5 26. Be5 Rg8 27. Ba4 Rff8 28. Rec3 Rc8 29. f3 g5 30. b7 Rb8 31. Rxc6 Nxc6 32. Bxc6+ Ke6 33. Re1 1-0

[Event "Pula op 11th"]
[Site "?"]
[Date "1997.??.??"]
[Round "3"]
[White "Fercec Nenad"]
[Black "Sermek Drazen"]
[Result "1-0"]
[WhiteElo "2430"]
[BlackElo "2575"]
[PlyCount "71"]
[EventDate "1997.??.??"]
[Source "www.chesslib.no"]
[SourceDate "2004.05.04"]

1. e4 e5 2. Nf3 Nc6 3. d4 exd4 4. Nxd4 Qh4 5. Nc3 Bb4 6. Be2 Nf6 7. O-O Nxe4 8. Nf5 Nxc3 9. bxc3 Qf6 10. cxb4 Qxa1 11. b5 Nd8 12. Ba3 Qf6 13. Ne7 c6 14. Re1 Ne6 15. Bf3 d5 16. bxc6 bxc6 17. Qd3 Bd7 18. Nf5 Rb8 19. c4 d4 20. Bd6 Rd8 21. Be5 Qg6 22. Nxg7+ Kf8 23. Qxg6 fxg6 24. Nxe6+ Bxe6 25. Bxh8 Kf7 26. Be5 Bxc4 27. Bxc6 d3 28. Bf4 Bxa2 29. Ra1 d2 30. Rd1 Rc8 31. Rxd2 Be6 32. Rc2 a5 33. f3 Kf6 34. h4 Bb3 35. Rc1 a4 36. Be4 1-0

[Event "Moskva ol"]
[Site "Moskva ol"]
[Date "1994.??.??"]
[Round "3"]
[White "Campora, Daniel H"]
[Black "Mitkov, Nikola"]
[Result "0-1"]
[WhiteElo "2535"]
[BlackElo "2470"]
[PlyCount "47"]
[EventDate "1994.??.??"]
[Source "www.chesslib.no"]
[SourceDate "2004.05.04"]

1. e4 e5 2. Nf3 Nc6 3. d4 exd4 4. Nxd4 Qh4 5. Nb5 Bc5 6. Qe2 Nf6 7. Be3 Bxe3 8. Qxe3 Nb4 9. Bd3 Na6 10. Nd2 O-O 11. O-O d6 12. h3 Bd7 13. Nc3 Nc5 14. f4 Rfe8 15. b4 Ne6 16. Ne2 a5 17. f5 Nf8 18. b5 b6 19. Nf3 Qh6 20. Qd4 Re7 21. Qb2 Rae8 22. Nc3 Bc8 23. Nd5 Nxd5 24. exd5 0-1

[Event "olm"]
[Site "Moscow olm"]
[Date "1994.??.??"]
[Round "?"]
[White "Campora, Daniel H"]
[Black "Mitkov, Nikola"]
[Result "0-1"]
[WhiteElo "2535"]
[BlackElo "2470"]
[PlyCount "47"]
[EventDate "1994.??.??"]
[Source "www.chesslib.no"]
[SourceDate "2004.05.04"]

1. e4 e5 2. Nf3 Nc6 3. d4 exd4 4. Nxd4 Qh4 5. Nb5 Bc5 6. Qe2 Nf6 7. Be3 Bxe3 8. Qxe3 Nb4 9. Bd3 Na6 10. Nd2 O-O 11. O-O d6 12. h3 Bd7 13. Nc3 Nc5 14. f4 Rab8 15. b4 Bf5 16. Na4 a5 17. Rf2 Bd7 18. Nc3 Rbd8 19. Na4 Qh5 20. Be2 Bxh3 21. b5 Nd3 22. Bd1 Nc5 23. Nb3 Rd7 24. Qd4 0-1

[Event "Moscow RUS"]
[Site "?"]
[Date "1996.??.??"]
[Round "?"]
[White "Belikov Vladimir"]
[Black "Kholmov Ratmir D"]
[Result "0-1"]
[WhiteElo "2500"]
[BlackElo "2495"]
[PlyCount "150"]
[EventDate "1996.??.??"]
[Source "www.chesslib.no"]
[SourceDate "2004.05.04"]

1. e4 e5 2. Nf3 Nc6 3. d4 exd4 4. Nxd4 Qh4 5. Nc3 Bb4 6. Be2 Qxe4 7. Ndb5 Bxc3+ 8. bxc3 Kd8 9. O-O Nf6 10. Be3 d6 11. Re1 Re8 12. c4 Bg4 13. Nxd6 cxd6 14. Qxd6+ Bd7 15. Bd3 Qe5 16. Bb6+ axb6 17. Rxe5 Rxe5 18. Qf8+ Ne8 19. Qxf7 Re7 20. Qf4 h6 21. h3 Nf6 22. Qd6 Re6 23. Qg3 Re7 24. Qd6 Ne8 25. Qg3 Ra5 26. Bf1 Re6 27. Rd1 Rae5 28. f4 Re3 29. Qf2 Kc7 30. Rd3 R3e4 31. Qg3 Re7 32. Qf2 R7e6 33. Qg3 Rf6 34. Rf3 Nd4 35. Rf2 Nf5 36. Qa3 Rc6 37. Qf8 Nfd6 38. f5 Re1 39. f6 gxf6 40. Qxh6 Rxc4 41. Kh2 Ra4 42. Qd2 Re6 43. Bd3 Ne4 44. Qf4+ N8d6 45. Rf1 Nc5 46. Qg3 Nxd3 47. cxd3 Rxa2 48. Rf2 Ra5 49. Qg7 Ne8 50. Qf8 Rd5 51. Rc2+ Kd8 52. Qa3 Bc6 53. Qb3 b5 54. Qa3 Red6 55. Re2 Nc7 56. Re3 Na6 57. Rg3 b4 58. Qb2 Bb5 59. Rg6 Rf5 60. g4 Rf3 61. g5 Rfxd3 62. Rg8+ Kc7 63. Rg7+ Kb6 64. Qf2+ Nc5 65. Rxb7+ Kxb7 66. Qxc5 Rd2+ 67. Kg3 R2d5 68. Qxb4 Rxg5+ 69. Kh2 Rgd5 70. Qe1 Re5 71. Qb4 Kc6 72. Qa5 Kd7 73. Qa7+ Ke6 74. Kg3 Rd3+ 75. Kf4 Bc6 0-1

[Event "Bucharest"]
[Site "?"]
[Date "1976.??.??"]
[Round "15"]
[White "Sveshnikov Evgeny"]
[Black "Barle Janez"]
[Result "1/2-1/2"]
[WhiteElo "2510"]
[BlackElo "2480"]
[PlyCount "118"]
[EventDate "1976.??.??"]
[Source "www.chesslib.no"]
[SourceDate "2004.05.04"]

1. e4 e5 2. Nf3 Nc6 3. d4 exd4 4. Nxd4 Qh4 5. Nb5 Bb4+ 6. Bd2 Qxe4+ 7. Be2 Kd8 8. O-O Nge7 9. N1c3 Qe5 10. Re1 a6 11. Bd3 Qf6 12. Ne4 Qxb2 13. Rb1 Qxa2 14. Bxb4 Nxb4 15. Nxc7 Kxc7 16. Rxb4 Qa5 17. Rc4+ Nc6 18. Rc5 b5 19. Bf1 Ra7 20. c4 Re8 21. cxb5 axb5 22. Bxb5 Qb4 23. Bxc6 Rxe4 24. Bxe4+ Qxc5 25. Qd2 Ra4 26. h3 d5 27. Qxd5 Qxd5 28. Bxd5 Rf4 29. Re7+ Kd6 30. Rxf7 Rxf7 31. Bxf7 Ke7 32. Bg8 h6 33. Kh2 Kf6 34. Kg3 Bd7 35. Bd5 Be8 36. Kf4 Bd7 37. Ke4 Be8 38. f4 g5 39. g3 Bd7 40. h4 gxh4 41. gxh4 Kg6 42. Ke5 Kh5 43. Be6 Be8 44. f5 Kxh4 45. Kf6 h5 46. Bc8 Kg4 47. Ke7 Kg5 48. f6 h4 49. Bd7 Bh5 50. Be6 Be8 51. f7 Bxf7 52. Bxf7 h3 53. Kd6 h2 54. Bd5 Kf4 55. Ke6 Ke3 56. Kf5 Kf2 57. Kf4 Kg1 58. Kg3 h1=Q 59. Bxh1 Kxh1 1/2-1/2

[Event "Honved-B"]
[Site "Budapest"]
[Date "1997.??.??"]
[Round "2"]
[White "Horvath, Csaba"]
[Black "Wells, Peter K"]
[Result "1/2-1/2"]
[WhiteElo "2485"]
[BlackElo "2495"]
[PlyCount "24"]
[EventDate "1997.02.??"]
[Source "ChessBase"]
[SourceDate "1997.07.29"]

1. e4 e5 2. Nf3 Nc6 3. d4 exd4 4. Nxd4 Qh4 5. Nb5 Bb4+ 6. Bd2 Bc5 7. Qe2 d6 8. Nxc7+ Kd8 9. g3 Qf6 10. Bc3 Qh6 11. Bd2 Qf6 12. Bc3 Qh6 1/2-1/2

[Event "Goodricke 11th op"]
[Site "Calcutta"]
[Date "2000.02.08"]
[Round "3"]
[White "Reefat, Bin Sattar"]
[Black "Vladimirov, Evgeny"]
[Result "0-1"]
[WhiteElo "2379"]
[BlackElo "2586"]
[PlyCount "108"]
[EventDate "2000.02.05"]
[Source "ChessBase"]
[SourceDate "2000.03.10"]

1. e4 e5 2. Nf3 Nc6 3. d4 exd4 4. Nxd4 Qh4 5. Nc3 Bb4 6. Be2 Bxc3+ 7. bxc3 Qxe4 8. O-O Nxd4 9. cxd4 Ne7 10. Re1 Qh4 11. Bd3 Qf6 12. Qh5 h6 13. h4 g6 14. Qe2 d6 15. d5 Rh7 16. g3 Qe5 17. Bb2 Qxe2 18. Rxe2 Bg4 19. Re3 Kf8 20. c4 h5 21. Rae1 Ng8 22. Bc2 Bd7 23. Ra3 f5 24. Bd4 b6 25. Ba4 Bxa4 26. Rxa4 Re7 27. Kf1 Rxe1+ 28. Kxe1 Re8+ 29. Kd2 a5 30. Ra3 Re4 31. Rd3 Kf7 32. f3 Re8 33. Re3 Rxe3 34. Kxe3 b5 35. Bc3 b4 36. Bd2 Nf6 37. Kd4 Nd7 38. Be1 Ne5 39. f4 Nd7 40. a3 Nc5 41. axb4 axb4 42. Ke3 Ke7 43. Ke2 Ne4 44. Kd1 Kd7 45. Kc2 c6 46. Kb3 Nc5+ 47. Kc2 cxd5 48. cxd5 Kc7 49. Bd2 b3+ 50. Kb2 Kb6 51. Be3 Kb5 52. Kc3 b2 53. Kxb2 Kc4 54. Kc2 Ne4 0-1

[Event "Maribor Pirc"]
[Site "Maribor"]
[Date "1994.??.??"]
[Round "8"]
[White "Grosar, Aljosa"]
[Black "Sermek, Drazen"]
[Result "1/2-1/2"]
[WhiteElo "2435"]
[BlackElo "2520"]
[PlyCount "34"]
[EventDate "1994.02.??"]
[Source "ChessBase"]

1. e4 e5 2. Nf3 Nc6 3. d4 exd4 4. Nxd4 Qh4 5. Nc3 Bb4 6. Be2 Qxe4 7. Ndb5 Bxc3+ 8. bxc3 Kd8 9. O-O Nf6 10. c4 a6 11. Nc3 Qd4 12. Qe1 Qe5 13. Be3 Nd4 14. Qd2 Nxe2+ 15. Nxe2 Re8 16. Rad1 d6 17. Rfe1 Ne4 1/2-1/2

[Event "Graz Anton Afritsch mem"]
[Site "Graz"]
[Date "1991.??.??"]
[Round "13"]
[White "Barbero, Gerardo F"]
[Black "Wells, Peter K"]
[Result "1/2-1/2"]
[WhiteElo "2495"]
[BlackElo "2460"]
[PlyCount "32"]
[EventDate "1991.03.02"]
[Source "ChessBase"]

1. e4 e5 2. Nf3 Nc6 3. d4 exd4 4. Nxd4 Qh4 5. Nb5 Bb4+ 6. Bd2 Bc5 7. Qe2 d6 8. g3 Qd8 9. Be3 Bxe3 10. Qxe3 Nf6 11. N1c3 O-O 12. O-O-O Re8 13. Bg2 Bd7 14. h3 a6 15. Nd4 Nxd4 16. Qxd4 Bc6 1/2-1/2

[Event "Clichy"]
[Site "Clichy"]
[Date "1995.??.??"]
[Round "?"]
[White "Relange, Eloi"]
[Black "Flear, Glenn C"]
[Result "1/2-1/2"]
[WhiteElo "2455"]
[BlackElo "2495"]
[PlyCount "42"]
[EventDate "1995.09.??"]
[Source "ChessBase"]

1. e4 e5 2. Nf3 Nc6 3. d4 exd4 4. Nxd4 Qh4 5. Nc3 Bb4 6. Ndb5 Ba5 7. Bd3 a6 8. Na3 b5 9. Nab1 Nf6 10. O-O d6 11. a4 b4 12. Ne2 Bb6 13. Bf4 Nh5 14. Qd2 Nxf4 15. Nxf4 Ne5 16. Nd5 Bh3 17. Nxb6 Bxg2 18. Kxg2 Qg4+ 19. Kh1 Qf3+ 20. Kg1 Qg4+ 21. Kh1 Qf3+ 1/2-1/2

[Event "Presov op"]
[Site "?"]
[Date "2000.??.??"]
[Round "4"]
[White "Tseshkovsky Vitaly"]
[Black "Khamatgaleev Alexej"]
[Result "1-0"]
[WhiteElo "2542"]
[BlackElo "2400"]
[PlyCount "59"]
[EventDate "2000.??.??"]
[Source "www.chesslib.no"]
[SourceDate "2004.05.04"]

1. e4 e5 2. Nf3 Nc6 3. d4 exd4 4. Nxd4 Qh4 5. Nb5 Bb4+ 6. c3 Ba5 7. Nd2 Bb6 8. g3 Qe7 9. Nc4 Qxe4+ 10. Qe2 Qxe2+ 11. Bxe2 Kd8 12. a4 Nf6 13. b4 d5 14. a5 Bxf2+ 15. Kxf2 dxc4 16. Bf4 Ne4+ 17. Kg2 Nd6 18. Rhd1 Be6 19. a6 bxa6 20. Nxd6 cxd6 21. Rxd6+ Ke7 22. Rxc6 Bd5+ 23. Bf3 Bxc6 24. Bxc6 Rad8 25. Rxa6 Rd3 26. Rxa7+ Kf6 27. Ra6 Rxc3 28. Bd5+ Kf5 29. Ra7 Rc2+ 30. Kh3 1-0

[Event "Cappelle Open"]
[Site "Cappelle la Grande FRA"]
[Date "1993.??.??"]
[Round "9"]
[White "Thorhallsson, Throstur"]
[Black "Mitkov, Nikola"]
[Result "1/2-1/2"]
[WhiteElo "2430"]
[BlackElo "2505"]
[PlyCount "23"]
[EventDate "1993.02.??"]
[Source "www.chesslib.no"]
[SourceDate "2004.05.04"]

1. e4 e5 2. Nf3 Nc6 3. d4 exd4 4. Nxd4 Qh4 5. Nc3 Bb4 6. Be2 Nf6 7. O-O Bxc3 8. bxc3 Nxe4 9. Bd3 Nxd4 10. cxd4 d5 11. Ba3 Be6 12. c4 1/2-1/2

[Event "Bern"]
[Site "Bern"]
[Date "1991.??.??"]
[Round "5"]
[White "Gallagher, Joseph G"]
[Black "Costa, Jean Luc"]
[Result "1-0"]
[WhiteElo "2520"]
[BlackElo "2405"]
[PlyCount "49"]
[EventDate "1991.02.??"]
[Source "ChessBase"]

1. e4 e5 2. Nf3 Nc6 3. d4 exd4 4. Nxd4 Qh4 5. Nb5 Bb4+ 6. Bd2 Qxe4+ 7. Be2 Qxg2 8. Bf3 Bxd2+ 9. Nxd2 Qh3 10. Bxc6 bxc6 11. Nxc7+ Kd8 12. Nxa8 Nf6 13. Qf3 Re8+ 14. Kd1 Qe6 15. c3 d5 16. Kc2 Qf5+ 17. Kb3 Qxf3 18. Nxf3 Bb7 19. Rae1 Ne4 20. Rhg1 Bxa8 21. Rxg7 Rf8 22. Ne5 Ke7 23. Rxh7 Nd6 24. Nxf7+ Kd7 25. Ng5+ 1-0

[Event "Goodricke 11th op"]
[Site "Calcutta"]
[Date "2000.02.06"]
[Round "1"]
[White "Reefat, Bin Sattar"]
[Black "Yurtaev, Leonid"]
[Result "0-1"]
[WhiteElo "2379"]
[BlackElo "2536"]
[PlyCount "58"]
[EventDate "2000.02.05"]
[Source "ChessBase"]
[SourceDate "2000.03.10"]

1. e4 e5 2. Nf3 Nc6 3. d4 exd4 4. Nxd4 Qh4 5. Nc3 Bb4 6. Ndb5 Ba5 7. Be2 a6 8. Nd4 Qxe4 9. Nf3 Bxc3+ 10. bxc3 Nge7 11. O-O d6 12. Re1 Qg6 13. Bd3 Qh5 14. Rb1 O-O 15. h3 Re8 16. Bd2 h6 17. Re4 Qc5 18. Re2 b6 19. Qe1 Bd7 20. Rb4 d5 21. Be3 Qd6 22. Bf4 Qf6 23. Be5 Nxe5 24. Nxe5 Be6 25. Ng4 Bxg4 26. Rxg4 Kf8 27. Rg3 Nc6 28. Bxa6 Rxe2 29. Qxe2 Re8 0-1

[Event "Oberwart Open"]
[Site "Oberwart AUT"]
[Date "1994.??.??"]
[Round "8"]
[White "Balinov, Ilija"]
[Black "Arbakov, Valentin"]
[Result "0-1"]
[WhiteElo "2340"]
[BlackElo "2575"]
[PlyCount "90"]
[EventDate "1994.07.??"]
[Source "www.chesslib.no"]
[SourceDate "2004.05.04"]

1. e4 e5 2. Nf3 Nc6 3. d4 exd4 4. Nxd4 Qh4 5. Nc3 Bb4 6. Ndb5 Ba5 7. Be2 a6 8. Nd4 Qxe4 9. Nxc6 Bxc3+ 10. bxc3 Qxc6 11. O-O Ne7 12. Bf3 Qf6 13. Rb1 O-O 14. Re1 d6 15. Qd4 Qxd4 16. cxd4 Nf5 17. c3 Rb8 18. a4 Nh4 19. Be4 Bf5 20. Bxf5 Nxf5 21. g4 Nh4 22. Re7 Rfc8 23. Kf1 Kf8 24. Re3 Ng6 25. Ke2 Nf4+ 26. Kd2 Nd5 27. Rh3 h6 28. Kd3 f6 29. c4 Nb6 30. a5 Nd7 31. f4 Kf7 32. g5 hxg5 33. fxg5 b6 34. axb6 Rxb6 35. Rxb6 cxb6 36. gxf6 Nxf6 37. d5 b5 38. Ba3 Rxc4 39. Bxd6 Nxd5 40. Rh8 Ke6 41. Bg3 g5 42. Ra8 Kf5 43. Rf8+ Kg4 44. Rd8 Nb4+ 45. Kd2 a5 0-1

[Event "Nizhnij Tagil"]
[Site "?"]
[Date "1998.??.??"]
[Round "4"]
[White "Totsky Leonid"]
[Black "Zhidkov Valery S"]
[Result "1/2-1/2"]
[WhiteElo "2490"]
[BlackElo "2400"]
[PlyCount "67"]
[EventDate "1998.??.??"]
[Source "www.chesslib.no"]
[SourceDate "2004.05.04"]

1. e4 e5 2. Nf3 Nc6 3. d4 exd4 4. Nxd4 Qh4 5. Nb5 Bc5 6. Qe2 Nd4 7. Nxd4 Bxd4 8. c3 Bb6 9. g3 Qe7 10. Bg2 d6 11. Nd2 Nf6 12. Nc4 Bg4 13. f3 Be6 14. Nxb6 axb6 15. b3 O-O 16. Bb2 Ra7 17. c4 Rfa8 18. O-O Nd7 19. Bc3 f6 20. Kh1 Nc5 21. Qc2 Bd7 22. a4 Rf8 23. Rfe1 Raa8 24. Bd4 Qe8 25. Qc3 Qh5 26. Kg1 Rfe8 27. Rad1 Bc6 28. Ra1 Bd7 29. a5 bxa5 30. Rxa5 Rxa5 31. Qxa5 b6 32. Qc3 Ra8 33. b4 Ne6 34. Ra1 1/2-1/2

[Event "Budapest Spring Open"]
[Site "Budapest HUN"]
[Date "1994.??.??"]
[Round "7"]
[White "Golod, Vitali"]
[Black "Zhidkov, Valery S"]
[Result "1/2-1/2"]
[WhiteElo "2510"]
[BlackElo "2380"]
[PlyCount "83"]
[EventDate "1994.03.??"]
[Source "www.chesslib.no"]
[SourceDate "2004.05.04"]

1. e4 e5 2. Nf3 Nc6 3. d4 exd4 4. Nxd4 Qh4 5. Nb5 Bc5 6. Qe2 Nd4 7. Nxd4 Bxd4 8. Nd2 Qe7 9. c3 Bc5 10. g3 a5 11. Bg2 d6 12. Nb3 Bb6 13. O-O Nf6 14. Be3 a4 15. Nc1 Bxe3 16. Qxe3 O-O 17. Nd3 Re8 18. Rfe1 Ng4 19. Qd2 Ne5 20. f4 Nxd3 21. Qxd3 Ra5 22. b4 axb3 23. axb3 Rxa1 24. Rxa1 Bd7 25. b4 g5 26. Ra7 Bc6 27. b5 Bxe4 28. Bxe4 Qxe4 29. Qxe4 Rxe4 30. Rxb7 Rc4 31. fxg5 Rxc3 32. b6 cxb6 33. Rxb6 Rd3 34. Kg2 Rd2+ 35. Kh3 Kg7 36. Rb8 Rd4 37. g4 Rd3+ 38. Kg2 Rd2+ 39. Kg3 Rd3+ 40. Kf4 Rh3 41. Rb2 d5 42. Rd2 1/2-1/2

[Event "Capablanca mem-B"]
[Site "Cienfuegos"]
[Date "1996.??.??"]
[Round "1"]
[White "Diaz, Joaquin C"]
[Black "Mitkov, Nikola"]
[Result "0-1"]
[WhiteElo "2410"]
[BlackElo "2475"]
[PlyCount "68"]
[EventDate "1996.05.??"]
[Source "ChessBase"]

1. e4 e5 2. Nf3 Nc6 3. d4 exd4 4. Nxd4 Qh4 5. Nc3 Bb4 6. Be2 Bxc3+ 7. bxc3 Nf6 8. O-O Nxd4 9. cxd4 Nxe4 10. Bd3 d5 11. Ba3 Be6 12. Qe1 O-O-O 13. Qa5 Kb8 14. Rab1 b6 15. Bc5 Nd6 16. Rb4 Bc8 17. Rfb1 Bb7 18. Bxd6 Rxd6 19. Qa3 Re8 20. Ra4 a5 21. Qc3 Rde6 22. h3 Qe7 23. Kf1 Qd6 24. g3 Rh6 25. Bf5 Rf6 26. Qd3 g6 27. Bg4 h5 28. Be2 Qd7 29. Ra3 Qxh3+ 30. Kg1 Qe6 31. Bf1 h4 32. Qb5 hxg3 33. Rxg3 Rf4 34. Bg2 Qe2 0-1